Statistiken für Geographie nach Buchstabe - S

Klicken Sie hier um das Quiz zu spielen!

Allgemein

  • Dieses Quiz wurde 1,930 mal gespielt
  • Das Durchschnittsergebnis liegt bei 17 aus 24

Antwortstatistiken

Hinweis Antwort % Korrekt
Hauptstadt von SchwedenStockholm
98%
Die größte nichtpolare WüsteSahara
95%
Seine Hauptstadt heißt EdinburghSchottland
95%
Fluss, der durch Paris fließtSeine
93%
Land mit massiven ÖlreservenSaudi-Arabien
91%
Gastgeber der Fußball-WM 2010Südafrika
88%
Zweithäufigste Muttersprache der WeltSpanisch
87%
Brasilianischer MusikstilSamba
83%
Größte Insel im MittelmeerSizilien
81%
Die weiten Regionen des
östlichen Russlands
Sibirien
81%
Größte Stadt in SüdamerikaSão Paulo
79%
Kanal, welcher das Mittelmeer mit
dem Roten Meer verbindet
Sues
78%
Frühere Währung ÖsterreichsSchilling
74%
Das größte Unternehmen KoreasSamsung
72%
Reicher Stadtstaat bekannt für
seine Körperstrafen
Singapur
69%
Nation im Horn von AfrikaSomalia
68%
Rivale des antiken AthensSparta
62%
Hauptstadt KaliforniensSacramento
62%
Die andereSchiiten
58%
Eine der beiden
Hauptglaubenrichtungen im Islam
Sunniten
54%
Früherer Name von Ho-Chi-Minh-StadtSaigon
52%
Provinz im Südwesten Chinas, bekannt
für ihre scharfe Küche
Sichuan
32%
Indigene Religion JapansShinto
23%
Ort des AlamosSan Antonio
16%

Verteilung der Resultate

Perzentil nach korrekt beantworteten Fragen

Anzahl Personen mit jedem Resultat

Ihre Resultats-Entwicklung

Sie haben dieses Quiz noch nicht gespielt